000 00691nam a2200241Ia 4500
003 OSt
005 20220923212116.0
006 a|||||r|||| 00| 0
007 ta
008 220922b |||||||| |||| 00| 0 hin d
024 _a150,764
037 _cTextual
040 _aARTS
_cARTS
_bhin
041 _2hin
_ahin
082 _aLA:63, 152J3
100 _aबेदी, रामेश
245 0 _aदेहती इलाज
246 _aDehatī ilāja
260 _c1953
490 _aभारतीय द्रव्यगुण ग्रन्थमाला; 5
942 _hLA:63, 152J3
_cTEXL
_2CC
999 _c306444
_d306444